|
|
|
|
| LEADER |
00000naa a2200000uu 4500 |
| 001 |
vtls010935066 |
| 003 |
SK-MaSNL |
| 005 |
20260302122844.0 |
| 008 |
220810|2004 xo |||||||||||||||||cze| |
| 015 |
|
|
|a SNBRA
|
| 035 |
|
|
|a (urnnbn)urn:nbn:sk:snk:ar-a0b71u
|
| 035 |
|
|
|a (uuid)7b512c2a-101e-4f08-91f7-b89ec0089950
|
| 035 |
|
|
|a urn:nbn:sk:snk-aatzfi
|
| 040 |
|
|
|a SNKBUCL
|b slo
|c SNKBUCL
|e AACR2
|
| 041 |
0 |
|
|a cze
|
| 044 |
|
|
|a xo
|c SK
|
| 100 |
1 |
|
|a Křížová, Zuzana
|4 aut
|9 802024
|
| 245 |
1 |
0 |
|a Vliv účetních metod v oblasti dlouhodobého majetku na vykazování výkonnosti podniku
|c Zuzana Křížová
|
| 773 |
0 |
|
|t Finančná politika a optimálny systém zdaňovania vo väzbe na efektívnosť fungovania ekonomiky
|d Bratislava : Ekonomická univerzita, 2004, 2004
|g S. 459-463
|z 8022520195
|
| 954 |
|
|
|a odborná, vedecká literatúra cudzojazyčná (svetová)
|2 lita
|
| 958 |
|
|
|a OND
|
| 958 |
|
|
|a article11
|
| 958 |
|
|
|a chapter
|
| 999 |
|
|
|c 1280013
|d 1281943
|